| 000 | 00501nam a2200145Ia 4500 | ||
|---|---|---|---|
| 008 | 220216s9999 xx 000 0 und d | ||
| 100 | _aThomas V | ||
| 245 | 0 | _aPerformance of RRII 400 series clones in the farmers field in Kerala, India. | |
| 260 | _bIRRDB-RRII Workshop on Multilateral Clone Exchange, 4-6 June 2014, Rubber Research Institute of India, Kottayam, India. | ||
| 650 | _aRRII 400 series clones | ||
| 700 | _aGireesh T | ||
| 700 | _aNarayanan C | ||
| 856 | _uNo article | ||
| 942 | _cJS | ||
| 999 |
_c64771 _d64771 |
||